| 000 | 00465nam a2200193Ia 4500 | ||
|---|---|---|---|
| 003 | OSt | ||
| 005 | 20220926045325.0 | ||
| 006 | a|||||r|||| 00| 0 | ||
| 007 | ta | ||
| 008 | 220923b |||||||| |||| 00| 0 eng d | ||
| 037 | _cGeneral Book | ||
| 040 |
_aRTL _cRTL _beng |
||
| 041 |
_2eng _aeng |
||
| 082 | _aX:(B)p2,N64 | ||
| 245 | 0 | _aINDIAN Econometric society | |
| 300 |
_a60p _ccm. |
||
| 942 |
_hX:(B)p2,N64 _cGB _2CC |
||
| 999 |
_c677316 _d677316 |
||